000 00838nam a2200241 a 4500
001 66521
003 BD-RjUL
005 20211209081542.0
008 170316s1962 au a 001 0 eng d
035 _a(BD-RjUL)66651
040 _aDLC
_cGAT
_dBD-RjUL
_beng
041 _aeng
082 _223
_a621.4837
_bINT 1962
110 2 _aInternational Atomic Energy Agency.
_9197059
245 1 0 _aInternational directory of radioisotopes /
250 _a2d ed.
260 _aVienna,
_bInternational Atomic Energy Agency.
_c1962.
300 _aPt. :
_bill. ;
_c25 cm.
500 _aInclude Index.
505 _aPt.-1.--unprocessed and processed radioisotope preparations and special radiation sources. Pt.-2.--compounds of carbon-14, Hydrogen-3, iodine-131, phosphorus-32 and sulphur-35.
650 0 _aRadioisotopes
_9196890
942 _2ddc
_cBK
999 _c66521
_d66521